Integrable systems in the realm of algebraic geometry

Αποθηκεύτηκε σε:
Λεπτομέρειες βιβλιογραφικής εγγραφής
Κύριος συγγραφέας: Vanhaecke, Pol 1963-
Μορφή: Βιβλίο
Γλώσσα:English
Δημοσίευση: Berlin ; Heidelberg : Springer, c1996
Σειρά:Lecture notes in mathematics (Springer-Verlag) ; 1638
Θέματα:
Ετικέτες: Προσθήκη ετικέτας
Δεν υπάρχουν, Καταχωρήστε ετικέτα πρώτοι!

MARC

LEADER 00000nam a2200000 i 4500
001 1/104085
008 000306s1996 eng d
020 |a 3540618864 
035 |l 10058712 
040 |a GR-MY-UA  |b gre  |e aacr 
041 0 |a eng 
082 0 |a 516.353 
100 1 |a Vanhaecke, Pol  |d 1963- 
245 1 0 |a Integrable systems in the realm of algebraic geometry /  |c Pol Vanhaecke 
260 |a Berlin ; Heidelberg :   |b Springer,   |c c1996 
300 |a viii, 218 p.;  |b ill.;  |c 24 cm. 
490 1 |a Lecture notes in mathematics (Springer-Verlag)  |v ; 1638 
504 |a Includes bibliographical references and index 
650 0 0 |a Abelian varieties. 
650 0 0 |a Hamiltonian systems. 
830 0 |a Lecture notes in mathematics (Springer-Verlag)  |v ; 1638 
852 |a INST  |b SAMOS  |e 20000306  |h 516.353 VAN  |p 005300017113  |q 005300017113  |t BK  |y 0 
901 |a BIBL3-2000-1 
909 |a Σ  |b 067239 
922 |a 3ΕΛΗ  |b 199909  |c ΕΠΕΑΕΚ/ΜΑΘ  |d ΠΑΠΑΣΩΤΗΡΙΟΥ 
970 |a ΓΕΝΟΥΖΟΥ  |b ΧΡΥΣΑΝΘΗ  |z 2000/03/06